000 00425nam a2200169Ia 4500
003 0STCL
008 150530s9999 xx 000 0 und d
040 _aSTCL
_cSTCL
100 _aBalakrishnan Cheruppa
245 _aParamparyavum Cloningum
260 _bState Institute of Lanagauge; Trivandrum
_c1999
_aTrivandrum
300 _a0
546 _aMalayalam
942 _2ddc
_cBK
999 _c40171
_d40171
005 20220125170513.0